000 00774nam a2200253Ia 4500
003 OSt
005 20220926021116.0
006 a|||||r|||| 00| 0
007 ta
008 220923b |||||||| |||| 00| 0 eng d
037 _cGeneral Book
040 _aRTL
_cRTL
_beng
041 _2eng
_aeng
082 _aX:54.530j663.N7, L0/UN
110 _aUnited Nation Conference on trade and Development
245 0 _aRoute study
_b The liner traders between France Baya
260 _aNew York
_bU K
_c1970
300 _a49p.
_ccm.
500 _a(SN:E.71.2.D.3)
650 _aInternational Trade
700 _aUnited Nation Conference on trade and Development
942 _hX:54.530j663.N7, L0/UN
_cGB
_2CC
999 _c635790
_d635790